Implementing ESG into Real Estate Contracts : (Record no. 122126)
[ view plain ]
| 000 -LEADER | |
|---|---|
| fixed length control field | 02291nam a22003253i 4500 |
| 001 - CONTROL NUMBER | |
| control field | BDZ0056839292 |
| 003 - CONTROL NUMBER IDENTIFIER | |
| control field | StDuBDS |
| 005 - DATE AND TIME OF LATEST TRANSACTION | |
| control field | 20250318131516.0 |
| 007 - PHYSICAL DESCRIPTION FIXED FIELD--GENERAL INFORMATION | |
| fixed length control field | cr|||||||||||| |
| 008 - FIXED-LENGTH DATA ELEMENTS--GENERAL INFORMATION | |
| fixed length control field | 250117s2025 enk go 000|0 eng d |
| 020 ## - INTERNATIONAL STANDARD BOOK NUMBER | |
| International Standard Book Number | 9783648182048 : |
| Terms of availability | 41.66 |
| 040 ## - CATALOGING SOURCE | |
| Original cataloging agency | StDuBDS |
| Language of cataloging | eng |
| Description conventions | rda |
| Transcribing agency | StDuBDS |
| 072 #7 - SUBJECT CATEGORY CODE | |
| Subject category code | KJ |
| Source | bicssc |
| 072 #7 - SUBJECT CATEGORY CODE | |
| Subject category code | BUS |
| Source | ukslc |
| 072 #7 - SUBJECT CATEGORY CODE | |
| Subject category code | KJ |
| Source | thema |
| 245 00 - TITLE STATEMENT | |
| Title | Implementing ESG into Real Estate Contracts : |
| Remainder of title | A guide and toolkit for practitioners from a European perspective / |
| Statement of responsibility, etc. | edited by Wieduwilt Sabine. |
| 264 #1 - PRODUCTION, PUBLICATION, DISTRIBUTION, MANUFACTURE, AND COPYRIGHT NOTICE | |
| Place of production, publication, distribution, manufacture | [Place of publication not identified] : |
| Name of producer, publisher, distributor, manufacturer | Haufe-Lexware GmbH & Co. KG, |
| Date of production, publication, distribution, manufacture, or copyright notice | 2025. |
| 300 ## - PHYSICAL DESCRIPTION | |
| Extent | 1 online resource |
| 336 ## - CONTENT TYPE | |
| Content type term | text |
| Source | rdacontent |
| 337 ## - MEDIA TYPE | |
| Media type term | unmediated |
| Source | rdamedia |
| 338 ## - CARRIER TYPE | |
| Carrier type term | volume |
| Source | rdacarrier |
| 366 ## - TRADE AVAILABILITY INFORMATION | |
| Detailed date of publication | 20250107 |
| Availability status code | Available |
| 520 8# - SUMMARY, ETC. | |
| Summary, etc. | This book looks into different aspects of implementing ESG into real estate contracts from a European perspective. It covers general aspects, contract-type specific aspects and then property usage-type specific aspects. General topics cover legal frameworks, the social and governance perspective based on EU sustainable finance regulations. Contract-type specific questions cover different contract types. The team of authors then addresses specific issues relating to different types of property use such as office, retail, logistics, hospitality and data centres. The focus of the work is on EU, so that the content can provide food for thought for the work in different EU countries. The book thus supports practitioners in compiling their personal toolkit for use in individual cases. Content:- Terms, concepts and basics of sustainability, CSR and ESG- What ESG in real estate contracts means- Standards for (non-financial) sustainability reporting, CSRD and ESRS- Climate litigation, energy and renewables, data- Sustainability and competition law, brownfields- Pre-contracts and recitals- ESG and real estate investment, leases, real estate financing |
| 650 ## - SUBJECT ADDED ENTRY--TOPICAL TERM | |
| Topical term or geographic name entry element | ESG |
| 650 ## - SUBJECT ADDED ENTRY--TOPICAL TERM | |
| Topical term or geographic name entry element | EBOOK |
| 650 ## - SUBJECT ADDED ENTRY--TOPICAL TERM | |
| Topical term or geographic name entry element | ENVIRONMENT |
| 700 1# - ADDED ENTRY--PERSONAL NAME | |
| Personal name | Sabine, Wieduwilt, |
| Relator term | editor. |
| 856 40 - ELECTRONIC LOCATION AND ACCESS | |
| Uniform Resource Identifier | <a href="https://www.vlebooks.com/product/openreader?id=RICS&accId=9491556&isbn=9783648182048">https://www.vlebooks.com/product/openreader?id=RICS&accId=9491556&isbn=9783648182048</a> |
| Public note | Available on VLeBooks (email [email protected] if you do not have a login) |
| 942 ## - ADDED ENTRY ELEMENTS (KOHA) | |
| Source of classification or shelving scheme | Dewey Decimal Classification |
| Withdrawn status | Lost status | Damaged status | Not for loan | Home library | Current library | Shelving location | Date acquired | Total Checkouts | Date last seen | Price effective from | Koha item type |
|---|---|---|---|---|---|---|---|---|---|---|---|
| Virtual | Virtual | Online | 18/03/2025 | 18/03/2025 | 18/03/2025 | Book |